|
|
|
|
| LEADER |
00000ny a22000003n 4500 |
| 005 |
20110527104734.0 |
| 008 |
971211s1997 sp s 000 0 spa c |
| 020 |
|
|
|a 8476984316
|
| 035 |
|
|
|a 1173
|
| 040 |
|
|
|a UMA.RE
|d vLex
|
| 040 |
|
|
|a UZ.DER
|d vLex
|
| 080 |
|
|
|a 347.13(460)
|
| 090 |
|
|
|c 316
|d 316
|
| 100 |
1 |
|
|a Fuenteseca, Cristina
|
| 245 |
1 |
3 |
|a El negocio fiduciario en la jurisprudencia del Tribunal Supremo
|h [Recurso electrn̤ico]
|c Cristina Fuenteseca ; prl̤ogo de Manuel Albaladejo Garca̕
|
| 256 |
|
|
|a Servicio en ln̕ea
|
| 260 |
|
|
|a Barcelona :
|b Jose Mara̕ Bosch,
|c 1997
|
| 300 |
|
|
|a 254 p. ;
|c 24 cm
|
| 504 |
|
|
|a Bibliografa̕: p. 237-250
|
| 506 |
1 |
|
|a Contenido solo disponible en los productos indicados
|d vLex Global
|d vLex Global (Academic Edition, excluding Law Schools)
|d vLex Global (U.S. Academic Edition, Law Schools)
|d vLex Global (U.S. Academic Edition, excluding Law Schools)
|d vLex Global (Academic Edition, Law Schools)
|
| 650 |
0 |
7 |
|a Contrato de fideicomiso
|2 Tesauro vLex
|
| 650 |
0 |
7 |
|a Civil
|2 Tesauro vLex
|
| 650 |
0 |
7 |
|a Fiducia
|2 Tesauro vLex
|
| 650 |
0 |
7 |
|a Negocios fiduciarios
|2 Tesauro vLex
|
| 700 |
1 |
|
|a Albaladejo Garca̕, Manuel,
|e pr
|
| 710 |
1 |
|
|a Espaą.
|b Tribunal Supremo
|
| 740 |
0 |
|
|a vLex Libros (Servicios en ln̕ea)
|
| 856 |
4 |
0 |
|u http://vlex.com/source/1173
|z Acceso restringido
|
| 942 |
|
|
|c BOOK
|
| 999 |
0 |
|
|a Civil Law
|b Barcelona
|